000 00845 a2200229 4500
005 2008092508118.0
008 080925t xxu||||| |||| 00| 0 eng d
010 _aENG-91754
020 _a8176483516
_c795.00
035 _aEN-75287
037 _bDBAD / PUB
040 _adpl
_bEnglish
082 _a004.03
100 _aBansal, S.K.
245 _aDictionary of IT terms /
_cby S.K. Bansal
260 _aNew Delhi
_bAPH Publishing House
_c2009
270 _a4435-36/7, Ansar Road, Daryaganj,
_bNew Delhi
_e110002
300 _aviii, 341p.
_c23cm (Hb )
650 _aInformation technology
_vDictionaries
942 _adpl
_cEN
_2ddc
_mBAN
_h004.03
999 _c18990
_d18990